Agatha Christie Novels - sampler - Statistics

General Stats
  • This quiz has been taken 255 times
  • The average score is 7 of 14
Answer Stats
Title % Correct
Curtain
73%
Nemesis
64%
Dumb Witness
62%
Sad Cypress
60%
The Clocks
54%
The Hollow
54%
Third Girl
50%
Sparkling Cyanide
49%
Towards Zero
46%
Sleeping Murder
44%
Crooked House
43%
Hallowe'en Party
43%
Endless Night
41%
Destination Unknown
22%
No matching quizzes found
Score Distribution
Percent of People with Each Score
Percentile by Number Answered
Your Score History
You have not taken this quiz